Punctuation Quiz - Statistics

General Stats
  • This quiz has been taken 114 times
  • The average score is 9 of 21
Answer Stats
Hint Answer % Correct
, Comma
92%
? Question mark
85%
! Exclamation mark
70%
\ Back slash
62%
: Colon
62%
; Semi colon
62%
& Ampersand
58%
# Hashtag
56%
Dash
52%
. Full stop
44%
_ Underscore
44%
/ Forward slash
42%
- Hyphen
33%
@ At sign
30%
... Elipses
16%
[ ] Square bracket
16%
* Asterix
15%
' Apostraphe
10%
) Close parentheses
7%
" Inverted commas
7%
( Open parentheses
7%
No matching quizzes found
Score Distribution
Percent of People with Each Score
Percentile by Number Answered
Your Score History
You have not taken this quiz